000 00391nam a2200157Ia 4500
008 221030s9999 xx 000 0 und d
020 _a8180545979
082 _a105.23
100 _aN. D. Kapoor
245 0 _aElements of Mercantile Law
_cby N. D. Kapoor
250 _a31st
260 _bSultan chand & Sons
_aNew Delhi
_c2010
300 _a1180
650 _aManagement
942 _cBK
_2ddc
999 _c9205
_d9205